| 000 | 00844nam a2200229 a 4500 | ||
|---|---|---|---|
| 001 | 45043 | ||
| 003 | BD-RjUL | ||
| 005 | 20211209053944.0 | ||
| 008 | 150730s1981 bg 000 0 ben d | ||
| 035 | _a(BD-RjUL)45161 | ||
| 040 |
_aBD-RjUL _cBD-RjUL _bben _dBD-RjUL |
||
| 041 | _aben | ||
| 082 |
_223 _a954.92 _bBAN 1981 |
||
| 245 |
_aবাংলাদেশের ইতিহাস / _cমুহম্মদ আব্দুর রহিম ...[et al]. |
||
| 250 | _a2nd. ed. | ||
| 260 |
_aঢাকা : _bনওরোজ কিতাবিস্তান, _c১৯৮১ |
||
| 300 |
_a৬৩৮ পৃ. ; _c২১ সেমি. |
||
| 650 |
_aবাংলাদেশ _vইতিহাস _9117208 |
||
| 650 |
_aBangladesh _vHistory _9117209 |
||
| 700 |
_a রহিম, মুহম্মদ আব্দুর _9117210 |
||
| 942 |
_2ddc _cBK |
||
| 999 |
_c45043 _d45043 |
||